Responses for Show #7582 - Tuesday, July 25, 2017

Justin Vossler game 4.

Contestants

[<< previous game]

Catherine Meeker, an attorney from Orlando, Florida

Mackenzie Brooks, an attorney from San Diego, California

Justin Vossler, a high school history teacher from Homer, New York (whose 3-day cash winnings total $72,500)

[next game >>]

Jeopardy! Round responses

YOU BUG ME
____ & ____
WHO WROTE THE LINE?
ADULT BEVERAGES
BAWLERS
ALL THE DAYS OF ITALY
    $200 17
a flea

Catherine
    $200 5
Barnes & Noble

Mackenzie
    $200 16
(Justin: Who is Bing Crosby?)
(Mackenzie: Who is Cole?)

Irving Berlin

JustinMackenzie
Triple Stumper
    $200 7
tequila

Justin
    $200 23
Georgie Porgie

Triple Stumper
    $200 1
Sunday

Mackenzie
    $400 19
larva

Catherine
    $400 12
surf & turf

Mackenzie
    $400 18
Machiavelli

Justin
    $400 8
bourbon

Mackenzie
    $400 24
there's no crying in baseball

Catherine
    $400 2
(Justin: What is Saturday?)

today

JustinMackenzie
    $600 28
a mosquito

Mackenzie
    $600 13
Brooks & Dunn

Justin
    $600 20
(Alex: The Silence of the Lambs.)

(Thomas) Harris

Catherine
    $600 9
(Catherine: What is mimosa?)

a bellini

MackenzieCatherine
    $600 25
a handkerchief

Catherine
    $600 3
yesterday

Justin
    $800 29
daddy long-legs

Justin
    $800 14
Mutt & Jeff

Catherine
    $800 21
(Mackenzie: Who is Sophocles?)

Aristotle

Mackenzie
Triple Stumper
    $800 10
(Alex: Right. You know your booze.)
[Laughter]

amaretto

Mackenzie
    $800 26
I Love Lucy

Justin
    $800 4
(Mackenzie: What is Monday?)

tomorrow

MackenzieCatherine
    $1000 30
an ant

Catherine
    $1000 15
Hero & Leander

Justin
    $1,000 22
(Alex: Glass Menagerie is the play.)

Tennessee Williams

Catherine
    $1000 11
vodka and cranberry juice

Catherine
    $1000 27
Step Brothers

Justin
    $1000 6
Wednesday

Mackenzie

Scores at the first commercial break (after clue 15):

Justin Mackenzie Catherine
$2,000 $3,200 $2,000

Scores at the end of the Jeopardy! Round:

Justin Mackenzie Catherine
$4,800 $2,800 $6,200

Double Jeopardy! Round responses

THE EMPIRE STRIKES OUT
THE MUSICAL '70s
PHILOSOPHERS
"J"EOPARDY!
STATUARY HALL: THE STATE REPRESENTED
DIPLOMATIC DICTIONARY
    $400 16
Hong Kong

Mackenzie
    $400 2
"American Pie"

Justin
    $1,500 21
Plato

Justin
    $400 1
jet lag

Catherine
    $400 11
Utah

Mackenzie
    $400 26
a summit

Catherine
    $800 17
India

Justin
    $800 6
Stevie Nicks

Mackenzie
    $800 22
Adam Smith

Justin
    $800 3
a job

Justin
    $800 13
Nebraska

Triple Stumper
    $800 27
protocol

Triple Stumper
    $1200 18
the Holy Roman empire

Justin
    $1200 8
Barry Manilow

Justin
    $1200 23
Stoic

Justin
    $1200 4
a jigger

Mackenzie
    $1200 12
Alabama

Justin
    $1200 28
lateral

Justin
    $1600 19
Persia

Justin
    $1600 9
"Rainy Days And Mondays"

Justin
    $1600 24
Soren Kierkegaard

Triple Stumper
    $1600 5
Java Man

Catherine
    $1600 14
(Alex: Working with the lepers there.)

Hawaii

Catherine
    $1600 29
a non-government organization

Catherine
    $2000 20
(Mackenzie: Who is Genghis Khan?)

Kubla Khan

JustinMackenzie
    $2000 10
"Car Wash"

Catherine
    $2000 25
John Locke

Justin
    $2000 7
Joule

Catherine
    $2,000 15
(Catherine: What is Illinois?)
(Alex: No. Where did you get married? The airport is named--)
(Catherine: What airport did I fly into to do that?)
[Laughter]

Nevada

Catherine
    $2000 30
persona non grata

Justin

Scores at the end of the Double Jeopardy! Round:

Justin Mackenzie Catherine
$24,300 $3,600 $13,800

[wagering suggestions for these scores]

Final Jeopardy! Round responses

EUROPE
MackenzieWhat is Austria
$3,600
CatherineWhat is Germany
$12,800
JustinWhat is Liechtenstein
$4,000
Andorra

Final scores:

Justin Mackenzie Catherine
$20,300 $0 $1,000
4-day champion: $92,800 3rd place: $1,000 2nd place: $2,000

Game dynamics:

Coryat scores:

Justin Mackenzie Catherine
$23,200 $3,600 $15,800
23 R
(including 1 DD),
2 W
13 R,
4 W
17 R
(including 1 DD),
2 W
(including 1 DD)

Combined Coryat: $42,600

[game clues] [game scores] [suggest correction]

Game tape date: 2017-04-05
The J! Archive is created by fans, for fans. Scraping, republication, monetization, and malicious use prohibited; this site may use cookies and collect identifying information. See terms. The Jeopardy! game show and all elements thereof, including but not limited to copyright and trademark thereto, are the property of Jeopardy Productions, Inc. and are protected under law. This website is not affiliated with, sponsored by, or operated by Jeopardy Productions, Inc. Join the discussion at JBoard.tv.